000 00928nam a22002417a 4500
001 81647
003 BD-RjUL
005 20230821143334.0
008 230806s2021 bg a|||| m||| 00| 0 eng d
035 _a(BD-RjUL)81647
040 _aBD-RjUL
_beng
_cBD-RjUL
_dBD-RjUL
041 _aeng
082 _223
_a584.4
_bFAV 2021
100 _aFardous, Zannatul
_98237
245 1 0 _aIn vitro polyploidization of dendrobium spp, and assessment of genetic diversity of orchids in Rajshahi /
_pBy Zannatul, Fardous ;
_6Supervisor :S.M. shahinul Islam,
260 _aRajshahi :
_bInstitute of Biological Sciences, University of Rajshahi,
_c2021
300 _axxiv, 196 leaves :
_bill, ;
_c29.cm.
502 _aThesis (Ph.D.) -- Institute of Biological Sciences, University of Rajshahi, 2021
504 _aReferences : Leaves 153- 195
650 _aOrchidales
_98238
700 _aIslam, S.M. shahinul, Supervisor
_97470
942 _2ddc
_cTHE
999 _c81647
_d81647